[Event "Budapest FS10 GM"]
[Site "Budapest"]
[Date "2011.10.04"]
[Round "4"]
[White "Pap, Misa"]
[Black "Szablowski, Pawel"]
[Result "0-1"]
[WhiteElo "2512"]
[BlackElo "2420"]
[PlyCount "146"]
[EventDate "2011.10.01"]
[EventType "tourn"]
[EventRounds "9"]
[EventCountry "HUN"]
[EventCategory "7"]
[SourceTitle "CBM 144 Extra"]
[Source "ChessBase"]
[SourceDate "2011.10.28"]
[SourceVersion "1"]
[SourceVersionDate "2011.10.28"]
[SourceQuality "1"]

1. e4 c5 2. Nf3 Nc6 3. c3 Nf6 4. e5 Nd5 5. d4 cxd4 6. cxd4 d6 7. Bc4 e6 8. Qe2 Be7 9. 0-0 0-0 10. Rd1 Na5 11. b3 b6 12. Bxd5 exd5 13. Nc3 Be6 14. Ba3 a6 15. Rac1 b5 16. exd6 Bxd6 17. Bxd6 Qxd6 18. Ne5 Rac8 19. Qe3 Nc6 20. Nxc6 Rxc6 21. Ne2 Rfc8 22. Rxc6 Rxc6 23. Nf4 Rc2 24. a3 h6 25. h3 Qc6 26. Qe5 Qc7 27. Qxc7 Rxc7 28. Nd3 Rc2 29. Nc5 a5 30. a4 bxa4 31. bxa4 h5 32. Kf1 Bf5 33. Ke1 g6 34. h4 Kg7 35. Rd2 Rc4 36. Ke2 Bc2 37. Ke3 Kf6 38. f3 Kf5 39. Re2 Bxa4 40. Ra2 Bb5 41. Rxa5 Rb4 42. Ra7 f6 43. Rb7 Rb2 44. Nd3 Rb3 45. Kf2 Rxd3 46. Rxb5 Rxd4 47. Ke3 Ke5 48. g3 Ra4 49. f4+ Ke6 50. Rb6+ Kf5 51. Rd6 d4+ 52. Kf2 Ra2+ 53. Kf1 Ra3 54. Kf2 Rd3 55. Ra6 Rb3 56. Rd6 d3 57. Rd5+ Ke4 58. Rd6 Rb2+ 59. Ke1 Rg2 60. Rxf6 Rxg3 61. Kf2 Rg4 62. Ke1 Ke3 63. Re6+ Kxf4 64. Rf6+ Kg3 65. Kd2 Kxh4 66. Kxd3 Kg3 67. Ke2 Rg5 68. Rf3+ Kg4 69. Re3 Rf5 70. Ra3 Rf4 71. Ra1 g5 72. Rg1+ Kf5 73. Ke3 h4 0-1

[Event "Pardubice Czech op 22nd"]
[Site "Pardubice"]
[Date "2011.07.29"]
[Round "8"]
[White "Kravtsiv, Martyn"]
[Black "Szablowski, Pawel"]
[Result "1-0"]
[WhiteElo "2571"]
[BlackElo "2433"]
[PlyCount "79"]
[EventDate "2011.07.22"]
[EventType "swiss"]
[EventRounds "9"]
[EventCountry "CZE"]
[SourceTitle "CBM 143 Extra"]
[Source "ChessBase"]
[SourceDate "2011.08.29"]
[SourceVersion "1"]
[SourceVersionDate "2011.08.29"]
[SourceQuality "1"]

1. e4 e6 2. d4 d5 3. Nc3 Nf6 4. e5 Nfd7 5. f4 c5 6. Nf3 Nc6 7. Be3 cxd4 8. Nxd4 Bc5 9. Qd2 0-0 10. 0-0-0 Nxd4 11. Bxd4 a6 12. Bxc5 Nxc5 13. Qd4 b6 14. g3 Bb7 15. Bg2 Rc8 16. Rd2 b5 17. Kb1 Qb6 18. Nd1 Na4 19. Ne3 Rc5 20. f5 b4 21. Ka1 Rfc8 22. f6 g6 23. Qf4 Qd8 24. h4 a5 25. h5 R5c7 26. Bh3 Nc5 27. hxg6 fxg6 28. Nc4 dxc4 29. Rxd8+ Rxd8 30. Rf1 Kf7 31. Bg4 Be4 32. Bxe6+ Nxe6 33. Qxe4 Rd4 34. Qh1 h5 35. Rd1 Rcd7 36. Rxd4 Nxd4 37. Kb1 Nf5 38. Kc1 c3 39. bxc3 bxc3 40. Qc6 1-0

[Event "Pardubice Czech op 22nd"]
[Site "Pardubice"]
[Date "2011.07.22"]
[Round "1"]
[White "Szablowski, Pawel"]
[Black "Barthel, Ansgar"]
[Result "1/2-1/2"]
[WhiteElo "2433"]
[BlackElo "2224"]
[PlyCount "70"]
[EventDate "2011.07.22"]
[EventType "swiss"]
[EventRounds "9"]
[EventCountry "CZE"]
[SourceTitle "CBM 143 Extra"]
[Source "ChessBase"]
[SourceDate "2011.08.29"]
[SourceVersion "1"]
[SourceVersionDate "2011.08.29"]
[SourceQuality "1"]

1. e4 Nf6 2. e5 Nd5 3. Nc3 Nxc3 4. bxc3 d5 5. d4 c5 6. h3 Nc6 7. Nf3 Qa5 8. Bd2 Qa4 9. Qb1 c4 10. Be2 Bd7 11. 0-0 h6 12. Nh2 0-0-0 13. g4 h5 14. Kg2 hxg4 15. hxg4 f6 16. f4 e6 17. Rf2 Be7 18. Nf1 fxe5 19. fxe5 Rdf8 20. Rxf8+ Rxf8 21. Ng3 Bh4 22. Qb2 Be8 23. Rh1 Bxg3 24. Kxg3 Bg6 25. Bc1 Bxc2 26. Qa3 Qxa3 27. Bxa3 Rf7 28. Rh8+ Kd7 29. Bd6 Bd3 30. Bf3 b5 31. a3 a5 32. Ra8 Be4 33. Be2 Bd3 34. Bf3 Be4 35. Be2 Bd3 1/2-1/2

[Event "Budapest FS07 GM"]
[Site "Budapest"]
[Date "2011.07.06"]
[Round "5.1"]
[White "Mihok, Oliver"]
[Black "Szablowski, Pawel"]
[Result "1/2-1/2"]
[WhiteElo "2457"]
[BlackElo "2433"]
[PlyCount "76"]
[EventDate "2011.07.02"]
[EventType "tourn"]
[EventRounds "9"]
[EventCountry "HUN"]
[EventCategory "7"]
[SourceTitle "CBM 143 Extra"]
[Source "ChessBase"]
[SourceDate "2011.08.29"]
[SourceVersion "1"]
[SourceVersionDate "2011.08.29"]
[SourceQuality "1"]

1. e4 e6 2. d4 d5 3. Nc3 Nf6 4. Bg5 Bb4 5. e5 h6 6. Bc1 Ne4 7. Qg4 g6 8. Nge2 Nxc3 9. Nxc3 c5 10. a3 Bxc3+ 11. bxc3 Qa5 12. Bd2 Qa4 13. c4 Nc6 14. dxc5 Qxc2 15. Rc1 Qb2 16. Qf4 Qxe5+ 17. Qxe5 Nxe5 18. Bc3 f6 19. cxd5 exd5 20. f4 Nc6 21. Bxf6 0-0 22. Bb2 Rxf4 23. g3 Re4+ 24. Kd2 Na5 25. Bg2 Nb3+ 26. Kc2 Nxc1 27. Bxe4 dxe4 28. Bxc1 Bf5 29. Be3 Rc8 30. Rd1 b6 31. Rd5 h5 32. Kc3 bxc5 33. Rxc5 Rd8 34. Bd4 e3 35. Re5 Rc8+ 36. Kb3 Rb8+ 37. Kc3 Rc8+ 38. Kb3 Rb8+ 1/2-1/2

[Event "Budapest FS07 GM"]
[Site "Budapest"]
[Date "2011.07.05"]
[Round "4.1"]
[White "Szablowski, Pawel"]
[Black "Szabo, Bence"]
[Result "1-0"]
[WhiteElo "2433"]
[BlackElo "2362"]
[PlyCount "45"]
[EventDate "2011.07.02"]
[EventType "tourn"]
[EventRounds "9"]
[EventCountry "HUN"]
[EventCategory "7"]
[SourceTitle "CBM 143 Extra"]
[Source "ChessBase"]
[SourceDate "2011.08.29"]
[SourceVersion "1"]
[SourceVersionDate "2011.08.29"]
[SourceQuality "1"]

1. f4 Nf6 2. Nf3 g6 3. b3 Bg7 4. Bb2 0-0 5. e3 d6 6. Be2 c5 7. 0-0 Nc6 8. Qe1 e5 9. fxe5 Ng4 10. Nc3 Ngxe5 11. Nxe5 Nxe5 12. Qg3 Be6 13. Rad1 Nc6 14. Na4 Bxb2 15. Nxb2 f5 16. d4 cxd4 17. exd4 d5 18. Bb5 Ne7 19. Nd3 b6 20. Ne5 Kg7 21. Rde1 Qc8 22. Nd7 f4 23. Qg5 1-0

[Event "Budapest FS07 GM"]
[Site "Budapest"]
[Date "2011.07.02"]
[Round "1.1"]
[White "Gavrilov, Alexei"]
[Black "Szablowski, Pawel"]
[Result "1-0"]
[WhiteElo "2481"]
[BlackElo "2433"]
[PlyCount "129"]
[EventDate "2011.07.02"]
[EventType "tourn"]
[EventRounds "9"]
[EventCountry "HUN"]
[EventCategory "7"]
[SourceTitle "CBM 143 Extra"]
[Source "ChessBase"]
[SourceDate "2011.08.29"]
[SourceVersion "1"]
[SourceVersionDate "2011.08.29"]
[SourceQuality "1"]

1. d4 e6 2. c4 b6 3. a3 Bb7 4. Nc3 f5 5. d5 Nf6 6. g3 Na6 7. Bg2 Nc5 8. Bf4 Nce4 9. Nxe4 Nxe4 10. Nf3 exd5 11. cxd5 Bd6 12. Bxd6 Nxd6 13. 0-0 0-0 14. Rc1 Rc8 15. Rc2 Qe7 16. Qd4 Qe4 17. Rd2 Nc4 18. Ng5 Qxd4 19. Rxd4 b5 20. a4 Nd6 21. h4 Ba6 22. axb5 Bxb5 23. Re1 Rb8 24. e3 Rb7 25. Ra1 a6 26. b3 Re8 27. Nh3 Ne4 28. Nf4 Nc5 29. Ra3 Rb6 30. h5 Kf7 31. b4 Ne4 32. Ra1 g5 33. hxg6+ hxg6 34. Rc1 c6 35. dxc6 Bxc6 36. Nd3 Re7 37. Nc5 Nxc5 38. bxc5 Rb5 39. Rd6 Bxg2 40. Kxg2 a5 41. c6 dxc6 42. Rcxc6 g5 43. Rf6+ Ke8 44. Rc8+ Kd7 45. Ra8 g4 46. Rh6 Rbe5 47. Rha6 a4 48. Rxa4 Ke6 49. Rf8 Kd5 50. Ra5+ Ke4 51. Ra4+ Kd5 52. Kf1 Ke6 53. Ra6+ Kd5 54. Rd8+ Kc5 55. Ra1 Kc6 56. Rc8+ Kb7 57. Rf8 Rb5 58. Rf6 Rd5 59. Kg2 Rb5 60. Rh1 Ree5 61. Rh5 Rec5 62. Rg5 Kb8 63. Rf7 Rd5 64. Re7 Rd2 65. e4 1-0

[Event "Budapest FS06 GM"]
[Site "Budapest"]
[Date "2011.06.10"]
[Round "7"]
[White "Szablowski, Pawel"]
[Black "Contin, Daniel"]
[Result "1-0"]
[WhiteElo "2425"]
[BlackElo "2310"]
[PlyCount "33"]
[EventDate "2011.06.04"]
[EventType "tourn"]
[EventRounds "9"]
[EventCountry "HUN"]
[EventCategory "7"]
[SourceTitle "CBM 142 Extra"]
[Source "ChessBase"]
[SourceDate "2011.06.27"]
[SourceVersion "1"]
[SourceVersionDate "2011.06.27"]
[SourceQuality "1"]

1. e4 e6 2. d4 d5 3. Nd2 c5 4. Ngf3 a6 5. dxc5 Bxc5 6. Bd3 Nc6 7. 0-0 Nf6 8. Qe2 Qc7 9. c3 0-0 10. e5 Ng4 11. Nb3 Ncxe5 12. Nxe5 Bxf2+ 13. Rxf2 Nxe5 14. Bf4 f6 15. Bxe5 Qxe5 16. Qxe5 fxe5 17. Bxh7+ 1-0

[Event "Budapest FS06 GM"]
[Site "Budapest"]
[Date "2011.06.09"]
[Round "6"]
[White "Berczes, David"]
[Black "Szablowski, Pawel"]
[Result "1-0"]
[WhiteElo "2531"]
[BlackElo "2425"]
[PlyCount "73"]
[EventDate "2011.06.04"]
[EventType "tourn"]
[EventRounds "9"]
[EventCountry "HUN"]
[EventCategory "7"]
[SourceTitle "CBM 142 Extra"]
[Source "ChessBase"]
[SourceDate "2011.06.27"]
[SourceVersion "1"]
[SourceVersionDate "2011.06.27"]
[SourceQuality "1"]

1. Nf3 f5 2. g3 Nf6 3. d4 e6 4. Bg2 d5 5. c4 c6 6. 0-0 Bd6 7. Qc2 0-0 8. Nc3 Qe7 9. Bg5 h6 10. Bf4 Bxf4 11. gxf4 Nbd7 12. cxd5 Nxd5 13. Qd2 Kh7 14. Kh1 b6 15. Rfc1 Bb7 16. Nxd5 exd5 17. b4 Ba6 18. Rxc6 Qxe2 19. Qxe2 Bxe2 20. Ne5 Nf6 21. a4 Nh5 22. Bxd5 Nxf4 23. Bf3 Bxf3+ 24. Nxf3 Nd3 25. b5 Nxf2+ 26. Kg1 Nh3+ 27. Kf1 Rf7 28. d5 Nf4 29. Rd1 Rd8 30. d6 Ng6 31. h4 Rf6 32. d7 Nf8 33. Ne5 Ne6 34. Rxe6 Rxe6 35. Nc6 Rxd7 36. Rxd7 Re4 37. Rd4 1-0

[Event "Frydek Mistek GM"]
[Site "Frydek Mistek"]
[Date "2011.04.23"]
[Round "7"]
[White "Szablowski, Pawel"]
[Black "Krejci, Jan1111"]
[Result "1-0"]
[WhiteElo "2404"]
[BlackElo "2451"]
[PlyCount "75"]
[EventDate "2011.04.18"]
[EventType "tourn"]
[EventRounds "9"]
[EventCountry "CZE"]
[EventCategory "7"]
[SourceTitle "CBM 142 Extra"]
[Source "ChessBase"]
[SourceDate "2011.06.27"]
[SourceVersion "1"]
[SourceVersionDate "2011.06.27"]
[SourceQuality "1"]

1. f4 c5 2. b3 Nc6 3. Bb2 d6 4. Nf3 Nf6 5. e3 g6 6. Be2 Bg7 7. 0-0 0-0 8. Qe1 e5 9. fxe5 Ng4 10. Nc3 Ngxe5 11. Nxe5 Nxe5 12. Qg3 Be6 13. Rad1 h5 14. h3 h4 15. Qf2 d5 16. d4 Nd7 17. Qf4 Rc8 18. Bb5 g5 19. Qd6 Nb6 20. Qxd8 Rfxd8 21. Be2 f5 22. Rd2 f4 23. Nd1 cxd4 24. Bxd4 Bxd4 25. Rxd4 f3 26. Bxf3 Rxc2 27. e4 Rxa2 28. exd5 Bf7 29. Ne3 Rb2 30. Rg4 Rxb3 31. Rxg5+ Kh8 32. Nf5 a5 33. Be4 Nxd5 34. Nd4 Re3 35. Rxf7 Rxe4 36. Nf5 Ne3 37. Rh5+ Kg8 38. Rg7+ 1-0

[Event "Frydek Mistek GM"]
[Site "Frydek Mistek"]
[Date "2011.04.21"]
[Round "4"]
[White "Velicka, Petr"]
[Black "Szablowski, Pawel"]
[Result "0-1"]
[WhiteElo "2477"]
[BlackElo "2404"]
[PlyCount "50"]
[EventDate "2011.04.18"]
[EventType "tourn"]
[EventRounds "9"]
[EventCountry "CZE"]
[EventCategory "7"]
[SourceTitle "CBM 142 Extra"]
[Source "ChessBase"]
[SourceDate "2011.06.27"]
[SourceVersion "1"]
[SourceVersionDate "2011.06.27"]
[SourceQuality "1"]

1. e4 g6 2. d4 Bg7 3. Nc3 d6 4. Nf3 a6 5. a4 Nf6 6. a5 0-0 7. Be2 Nc6 8. d5 Nb8 9. 0-0 e5 10. dxe6 Bxe6 11. Nd4 Bd7 12. f4 Nc6 13. Be3 Nxe4 14. Nxe4 Re8 15. Bf3 d5 16. Nxc6 Bxc6 17. Nc3 Rxe3 18. Nxd5 Rxf3 19. Rxf3 Qxd5 20. Qxd5 Bxd5 21. Rd3 Be4 22. Rb3 Rd8 23. Re1 f5 24. Re2 Bd4+ 25. Kf1 Bd5 0-1

[Event "Frydek Mistek GM"]
[Site "Frydek Mistek"]
[Date "2011.04.19"]
[Round "2"]
[White "Kanovsky, David"]
[Black "Szablowski, Pawel"]
[Result "1-0"]
[WhiteElo "2480"]
[BlackElo "2404"]
[PlyCount "93"]
[EventDate "2011.04.18"]
[EventType "tourn"]
[EventRounds "9"]
[EventCountry "CZE"]
[EventCategory "7"]
[SourceTitle "CBM 142 Extra"]
[Source "ChessBase"]
[SourceDate "2011.06.27"]
[SourceVersion "1"]
[SourceVersionDate "2011.06.27"]
[SourceQuality "1"]

1. Nf3 e6 2. c4 f5 3. d4 Nf6 4. g3 d5 5. Bg2 c6 6. 0-0 Bd6 7. b3 Qe7 8. Ne5 0-0 9. Bb2 b6 10. Qc2 Bb7 11. Nd2 Nbd7 12. Ndf3 Rac8 13. Rac1 c5 14. Rfd1 Rfd8 15. Qb1 cxd4 16. Nxd7 Rxd7 17. Nxd4 dxc4 18. Bxb7 Rxb7 19. Nb5 Bb8 20. Bxf6 Qxf6 21. Rxc4 Rxc4 22. bxc4 Qe7 23. Rd3 Rd7 24. Nd4 Rc7 25. Qd1 Rc8 26. Qa4 g6 27. Qd1 Be5 28. Nf3 Bf6 29. Rd7 Rd8 30. Rxd8+ Qxd8 31. Qxd8+ Bxd8 32. Nd4 Kf7 33. Nc6 Ke8 34. Nxa7 Kd7 35. Nb5 Bf6 36. e3 Kc6 37. Nd4+ Kc5 38. Nxe6+ Kxc4 39. Kf1 b5 40. Ke2 Bc3 41. h3 Ba5 42. g4 fxg4 43. hxg4 Kc3 44. g5 Kb2 45. Nd4 b4 46. Nc6 Bd8 47. Nxd8 1-0

[Event "Bad Woerishofen op 27th"]
[Site "Bad Woerishofen"]
[Date "2011.03.26"]
[Round "4"]
[White "Skembris, Spyridon"]
[Black "Szablowski, Pawel"]
[Result "1/2-1/2"]
[WhiteElo "2461"]
[BlackElo "2404"]
[PlyCount "51"]
[EventDate "2011.03.24"]
[EventType "swiss"]
[EventRounds "9"]
[EventCountry "GER"]
[SourceTitle "EXT 2012"]
[Source "ChessBase"]
[SourceDate "2011.11.24"]
[SourceVersion "1"]
[SourceVersionDate "2011.11.24"]
[SourceQuality "1"]

1. d4 e6 2. c4 b6 3. Nf3 Bb7 4. Bg5 f6 5. Bf4 g5 6. Bc1 g4 7. Nfd2 f5 8. e4 fxe4 9. Qxg4 Nf6 10. Qh4 Bg7 11. Nc3 0-0 12. Nb3 Nc6 13. Bg5 Ne7 14. Nxe4 Bxe4 15. Bxf6 Rxf6 16. Qxe4 Ng6 17. g3 Qf8 18. Qc2 e5 19. Bg2 exd4 20. 0-0 c5 21. Bxa8 Qxa8 22. f4 Nh4 23. Rf2 Nf3+ 24. Kf1 Re6 25. Qf5 Nd2+ 26. Rxd2 1/2-1/2

[Event "Budapest FS03 GM"]
[Site "Budapest"]
[Date "2011.03.12"]
[Round "8"]
[White "Narayanan, Srinath"]
[Black "Szablowski, Pawel"]
[Result "1/2-1/2"]
[WhiteElo "2310"]
[BlackElo "2404"]
[PlyCount "106"]
[EventDate "2011.03.05"]
[EventType "tourn"]
[EventRounds "9"]
[EventCountry "HUN"]
[EventCategory "7"]
[SourceTitle "CBM 141 Extra"]
[Source "ChessBase"]
[SourceDate "2011.05.03"]
[SourceVersion "1"]
[SourceVersionDate "2011.05.03"]
[SourceQuality "1"]

1. e4 e6 2. d4 d5 3. Nd2 Nf6 4. e5 Nfd7 5. Bd3 c5 6. c3 Nc6 7. Ngf3 a5 8. 0-0 Be7 9. a4 cxd4 10. cxd4 Nb4 11. Bb5 0-0 12. Nb1 Nb6 13. Nc3 Bd7 14. b3 Rc8 15. Bd2 Bxb5 16. axb5 Ra8 17. Qe2 Qd7 18. Rfc1 Rfc8 19. g3 h6 20. h4 Qe8 21. Kh2 Kh8 22. Ne1 Qg8 23. Qf3 f6 24. Ne2 fxe5 25. dxe5 Nd7 26. Qh5 Qe8 27. Rxc8 Rxc8 28. Qxe8+ Rxe8 29. Rxa5 Nxe5 30. Nf4 Bc5 31. Kg2 g5 32. hxg5 hxg5 33. Nh3 Nbd3 34. Nxg5 Bxf2 35. Nxd3 Nxd3 36. Ra1 Bd4 37. Rh1+ Kg8 38. Rh6 e5 39. Rd6 Nc5 40. Rxd5 Nxb3 41. Ne4 Nxd2 42. Nxd2 Kf7 43. Ne4 Ke7 44. Nc5 b6 45. Rd7+ Kf6 46. Ne4+ Ke6 47. Rd6+ Ke7 48. Rh6 Ra8 49. Kf3 Ra3+ 50. Kg4 Rb3 51. Kf5 Rf3+ 52. Kg4 Rb3 53. Kf5 Rf3+ 1/2-1/2

[Event "Budapest FS03 GM"]
[Site "Budapest"]
[Date "2011.03.07"]
[Round "3"]
[White "Carlstedt, Jonathan"]
[Black "Szablowski, Pawel"]
[Result "0-1"]
[WhiteElo "2386"]
[BlackElo "2404"]
[PlyCount "56"]
[EventDate "2011.03.05"]
[EventType "tourn"]
[EventRounds "9"]
[EventCountry "HUN"]
[EventCategory "7"]
[SourceTitle "CBM 141 Extra"]
[Source "ChessBase"]
[SourceDate "2011.05.03"]
[SourceVersion "1"]
[SourceVersionDate "2011.05.03"]
[SourceQuality "1"]

1. c4 b6 2. Nc3 Bb7 3. e4 e6 4. g3 f5 5. Bg2 Nf6 6. d3 fxe4 7. Nge2 Nc6 8. d4 Na5 9. b3 Bb4 10. 0-0 0-0 11. Bd2 Qe7 12. Qe1 c5 13. dxc5 bxc5 14. Nf4 d5 15. Bh3 d4 16. Bxe6+ Kh8 17. Ncd5 Bxd2 18. Qxd2 Qd8 19. Qe2 Nc6 20. Bh3 Ne5 21. Ne6 Qd7 22. Ng5 Qd6 23. Nxf6 Qxf6 24. Nxe4 Qf3 25. Rae1 Qxe2 26. Rxe2 Nf3+ 27. Kg2 Rae8 28. Bg4 Rxe4 0-1

[Event "Budapest FS02 IM"]
[Site "Budapest"]
[Date "2011.02.12"]
[Round "8"]
[White "Tesik, Csaba"]
[Black "Szablowski, Pawel"]
[Result "1/2-1/2"]
[WhiteElo "2275"]
[BlackElo "2340"]
[PlyCount "64"]
[EventDate "2011.02.05"]
[EventType "tourn"]
[EventRounds "11"]
[EventCountry "HUN"]
[EventCategory "2"]
[SourceTitle "CBM 140 Extra"]
[Source "ChessBase"]
[SourceDate "2011.03.01"]
[SourceVersion "1"]
[SourceVersionDate "2011.03.01"]
[SourceQuality "1"]

1. e4 Nf6 2. e5 Nd5 3. d4 d6 4. Nf3 g6 5. Bc4 Nb6 6. Bb3 Bg7 7. Qe2 0-0 8. h3 Nc6 9. Nc3 dxe5 10. dxe5 Nd4 11. Nxd4 Qxd4 12. f4 Be6 13. Be3 Qd7 14. 0-0 Bxb3 15. axb3 f6 16. Bxb6 axb6 17. Rad1 Qc6 18. Nd5 Qc5+ 19. Kh1 fxe5 20. b4 Qd6 21. Qc4 b5 22. Qxc7 Qxc7 23. Nxc7 Rac8 24. Ne6 Rf6 25. Nxg7 Kxg7 26. fxe5 Rxf1+ 27. Rxf1 Rxc2 28. e6 Rxb2 29. Rf7+ Kg8 30. Rxe7 Rxb4 31. Rxb7 Re4 32. Rxb5 Rxe6 1/2-1/2

[Event "Marianske Lazne IM-B"]
[Site "Marianske Lazne"]
[Date "2011.01.22"]
[Round "9"]
[White "Szablowski, Pawel"]
[Black "Donchenko, Alexander"]
[Result "1/2-1/2"]
[WhiteElo "2340"]
[BlackElo "2217"]
[PlyCount "45"]
[EventDate "2011.01.15"]
[EventType "tourn"]
[EventRounds "9"]
[EventCountry "CZE"]
[EventCategory "2"]
[SourceTitle "CBM 140 Extra"]
[Source "ChessBase"]
[SourceDate "2011.03.01"]
[SourceVersion "1"]
[SourceVersionDate "2011.03.01"]
[SourceQuality "1"]

1. e4 d6 2. d4 Nf6 3. Nc3 g6 4. Nf3 Bg7 5. h3 c6 6. a4 a5 7. Be3 Na6 8. Bxa6 Rxa6 9. 0-0 0-0 10. Re1 Qc7 11. Qd2 e5 12. dxe5 dxe5 13. Rad1 Nd7 14. Qd6 Qxd6 15. Rxd6 Rd8 16. Red1 f6 17. Nd2 Bf8 18. Rd3 Re8 19. Nc4 Nc5 20. Rd8 Kf7 21. Nd6+ Bxd6 22. R8xd6 Ne6 23. f3 1/2-1/2

[Event "Marianske Lazne IM-B"]
[Site "Marianske Lazne"]
[Date "2011.01.16"]
[Round "2"]
[White "Szablowski, Pawel"]
[Black "Oparin, Grigoriy"]
[Result "1-0"]
[WhiteElo "2340"]
[BlackElo "2328"]
[PlyCount "89"]
[EventDate "2011.01.15"]
[EventType "tourn"]
[EventRounds "9"]
[EventCountry "CZE"]
[EventCategory "2"]
[SourceTitle "CBM 140 Extra"]
[Source "ChessBase"]
[SourceDate "2011.03.01"]
[SourceVersion "1"]
[SourceVersionDate "2011.03.01"]
[SourceQuality "1"]

1. e4 c5 2. Nf3 d6 3. d4 cxd4 4. Nxd4 Nf6 5. Nc3 a6 6. Bg5 e6 7. f4 Be7 8. Qf3 Qc7 9. 0-0-0 Nbd7 10. Qg3 h6 11. Bh4 g5 12. fxg5 Rg8 13. Be2 Ne5 14. Nf3 Nxf3 15. Qxf3 hxg5 16. Bg3 Bd7 17. Qe3 Bc6 18. e5 dxe5 19. Bxe5 Qa5 20. Bf3 Bxf3 21. gxf3 Nd7 22. Bg3 Bc5 23. Qe2 0-0-0 24. Kb1 Qb6 25. Ne4 Qb5 26. Qxb5 axb5 27. Rxd7 Rxd7 28. Nxc5 Rd5 29. Nd3 f6 30. Re1 e5 31. a3 Rgd8 32. Ka2 Kd7 33. Kb3 Rc8 34. h4 gxh4 35. Bxh4 Rd6 36. Bf2 Rh8 37. f4 exf4 38. Nxf4 Rg8 39. Nd3 b6 40. Re3 Rg4 41. c3 Rg2 42. Rf3 Ke7 43. Bd4 Rg4 44. Nf2 Rh4 45. Rf5 1-0

[Event "Marianske Lazne IM-B"]
[Site "Marianske Lazne"]
[Date "2011.01.15"]
[Round "1"]
[White "Vlasak, Lukas"]
[Black "Szablowski, Pawel"]
[Result "0-1"]
[WhiteElo "2238"]
[BlackElo "2340"]
[PlyCount "66"]
[EventDate "2011.01.15"]
[EventType "tourn"]
[EventRounds "9"]
[EventCountry "CZE"]
[EventCategory "2"]
[SourceTitle "CBM 140 Extra"]
[Source "ChessBase"]
[SourceDate "2011.03.01"]
[SourceVersion "1"]
[SourceVersionDate "2011.03.01"]
[SourceQuality "1"]

1. e4 e6 2. d4 d5 3. Nc3 Nf6 4. Bg5 Bb4 5. e5 h6 6. Bxf6 gxf6 7. Nf3 Nd7 8. a3 Bxc3+ 9. bxc3 fxe5 10. dxe5 c5 11. c4 Qa5+ 12. Qd2 Qxd2+ 13. Kxd2 Nb6 14. cxd5 exd5 15. a4 d4 16. c3 dxc3+ 17. Kxc3 Be6 18. Bb5+ Ke7 19. Rhd1 Rhg8 20. g3 Rg4 21. a5 Nd5+ 22. Kc2 Rd8 23. Bd3 Nb4+ 24. Kc3 Na2+ 25. Kc2 Nb4+ 26. Kc3 Na2+ 27. Kc2 Rb4 28. Nd2 Rbd4 29. Be4 Nb4+ 30. Kc3 Na2+ 31. Kc2 Bd5 32. Bf5 Nb4+ 33. Kc3 Bf3 0-1

[Event "Prague op-A 10th"]
[Site "Prague"]
[Date "2011.01.09"]
[Round "3"]
[White "Szablowski, Pawel"]
[Black "Chirila, Ioan Cristian"]
[Result "0-1"]
[WhiteElo "2340"]
[BlackElo "2493"]
[PlyCount "78"]
[EventDate "2011.01.07"]
[EventType "swiss"]
[EventRounds "9"]
[EventCountry "CZE"]
[SourceTitle "CBM 140 Extra"]
[Source "ChessBase"]
[SourceDate "2011.03.01"]
[SourceVersion "1"]
[SourceVersionDate "2011.03.01"]
[SourceQuality "1"]

1. d4 d5 2. c4 e6 3. Nf3 c6 4. Nbd2 Nf6 5. e3 c5 6. Bd3 Nc6 7. 0-0 cxd4 8. exd4 Be7 9. Re1 0-0 10. a3 b6 11. b4 dxc4 12. Nxc4 a6 13. Bg5 Bb7 14. Rc1 Nd5 15. Bxe7 Ncxe7 16. Be4 Rc8 17. Qd2 Rc7 18. Rc2 Qb8 19. Nce5 Rxc2 20. Qxc2 Nf6 21. Bxb7 Qxb7 22. Rc1 Rc8 23. Qd2 h6 24. h3 Nf5 25. Rxc8+ Qxc8 26. a4 Nd5 27. b5 axb5 28. axb5 Nd6 29. Qb2 Qc3 30. Qxc3 Nxc3 31. Nd7 Nd5 32. Kf1 f6 33. g3 Kf7 34. Ke2 Ke7 35. Nb8 Nxb5 36. Kd3 Kd8 37. Nc6+ Kd7 38. Nb8+ Kc8 39. Nc6 Nd6 0-1

[Event "Brno op 1st"]
[Site "Brno"]
[Date "2010.11.20"]
[Round "9"]
[White "Szablowski, Pawel"]
[Black "Kratochvil, Karel"]
[Result "1-0"]
[WhiteElo "2288"]
[BlackElo "2179"]
[PlyCount "85"]
[EventDate "2010.11.14"]
[EventType "swiss"]
[EventRounds "9"]
[EventCountry "CZE"]
[SourceTitle "EXT 2011"]
[Source "ChessBase"]
[SourceDate "2010.11.26"]
[SourceVersion "1"]
[SourceVersionDate "2010.11.26"]
[SourceQuality "1"]

1. f4 d6 2. Nf3 Nf6 3. Nc3 c5 4. e3 Nc6 5. Be2 e5 6. fxe5 dxe5 7. 0-0 Bd6 8. d3 Bg4 9. Nh4 h5 10. h3 Bxe2 11. Qxe2 0-0 12. Nf5 a6 13. Qf2 e4 14. dxe4 Be5 15. Rd1 Qe8 16. Nd5 Nxe4 17. Qh4 Nf6 18. Nxg7 Kxg7 19. Qg5+ Kh7 20. Nxf6+ Bxf6 21. Qxf6 Qe4 22. Bd2 Ne5 23. Rf1 Rg8 24. Qf5+ Qxf5 25. Rxf5 Nc4 26. Rxf7+ Kh6 27. Bc3 Nxe3 28. Rf2 Nd5 29. Bd2+ Kg6 30. Raf1 Rge8 31. Rf5 Ne3 32. Rf6+ Kg7 33. Rf7+ Kg8 34. R1f3 Nxc2 35. Rxb7 Nd4 36. Rg3+ Kh8 37. Rg5 Re6 38. Bc3 Rd8 39. Rxc5 Red6 40. Rxh5+ Kg8 41. Rg5+ Kh8 42. Rg4 a5 43. Rb5 1-0

[Event "Brno op 1st"]
[Site "Brno"]
[Date "2010.11.15"]
[Round "3"]
[White "Szablowski, Pawel"]
[Black "Chetverik, Maxim"]
[Result "1-0"]
[WhiteElo "2288"]
[BlackElo "2339"]
[PlyCount "99"]
[EventDate "2010.11.14"]
[EventType "swiss"]
[EventRounds "9"]
[EventCountry "CZE"]
[SourceTitle "EXT 2011"]
[Source "ChessBase"]
[SourceDate "2010.11.26"]
[SourceVersion "1"]
[SourceVersionDate "2010.11.26"]
[SourceQuality "1"]

1. e4 c6 2. d4 d5 3. f3 dxe4 4. fxe4 e5 5. Nf3 Be6 6. c3 Nf6 7. Nbd2 Nbd7 8. Bc4 Bxc4 9. Nxc4 exd4 10. 0-0 dxc3 11. e5 cxb2 12. Bxb2 Nd5 13. Nd4 Bc5 14. Nd6+ Bxd6 15. exd6 Qb6 16. Qe2+ Kd8 17. Rxf7 Re8 18. Qf2 Qb4 19. Rxg7 Qxd6 20. Re1 Kc7 21. Nf5 Qb4 22. Qg3+ Kb6 23. Bd4+ Ka5 24. Rc1 Rad8 25. Rg4 Ka6 26. Bf2 Qb2 27. Qd3+ b5 28. Ra4+ Kb7 29. Rb1 Qe2 30. Rxa7+ Kb8 31. Ra8+ Kc7 32. Ra7+ Kb8 33. Ra8+ Kc7 34. Bg3+ Kb7 35. Qxe2 Rxe2 36. Rxd8 Nc5 37. Nd4 Rd2 38. Rb8+ Ka6 39. Nxc6 Nc3 40. Nb4+ Ka7 41. Nc6+ Ka6 42. Rf1 Ne2+ 43. Kh1 Ne4 44. Nb4+ Ka5 45. Nc6+ Ka6 46. Ra8+ Kb6 47. Nb4 Kc5 48. a3 Kd4 49. Rd8+ Ke3 50. Rf3# 1-0